| 000 | 00634nam a22001937a 4500 | ||
|---|---|---|---|
| 999 |
_c17452 _d17452 |
||
| 003 | AR-CdUCM | ||
| 008 | 190430b ||||| |||| 00| 0 spa d | ||
| 040 |
_aMUNICIPALIDAD PROVINCIAL DEL CUSCO _cBIBLIOTECA MUNICIPAL DEL CUSCO |
||
| 082 |
_a823 / _bW44 |
||
| 100 |
_aWells, H.G. _918489 |
||
| 245 | _aHombres como Dioses / | ||
| 260 |
_aSantiago de Chile : _bZic zac, _c1933. |
||
| 300 |
_a127 paginas ; _c20 cm. |
||
| 505 | _aContenido : El peñasco de la cuarentena -- Holgazán en un mudo de trabajadores -- El servicio del terrestre | ||
| 650 |
_aLiteratura _983 |
||
| 650 |
_aNovela _95 |
||
| 942 |
_2ddc _cLIBROS |
||
| 945 | _arcc | ||